Регионална библиотека "Любен Каравелов" - Русе

Тумбачко (Запис номер 4159)

MARC детайли
000 -Лидер
Контролно поле с фиксирана дължина 01171nam a2200301 c 4500
003 - Код на организацията, давaща контролен номер
Контролно поле BLK
005 - Дата и час на последна редакция
Контролно поле 20180420213801.0
008 - Елементи от данни с фиксирана дължина
fixed length control field 180412b bul|||||r ||||||| ||bul||
010 ## - Наследен системен номер
LC control number KNG00005290000
040 ## - Източник на каталожния запис
Идентификатор на билиотеката - собственик на записа BLK
041 ## - Код за език
Код за езика на текст/звукозапис или на отделно заглавие Български
Код за езика КДБФ Български
080 ## - УДК
Текстов определител УДК Българска литература
УДК код - определител по УДК 821.163.2
УДК определител -93-34
УДК - код + определител 821.163.2-93-34
139 ## - Редно поле
Редна дума Тодоров, Делчо Танев
Авторски знак Тодо - Т 64
245 10 - Сведения за заглавието
Заглавие Тумбачко
Подзаглавни данни [Приказка]
Редно поле (дума) състав. Делчо Танев Тодоров; худож. Светлин Василев.
257 ## - Страна на издаване
Страна на създаване/издаване България
260 ## - Област на издателските данни
-- София
Име на издателя, разпространителя и проч. Св. Георги Победоносец
Година на издаване 1993
300 ## - Физическа характеристика
Страници 16 с.
Илюстрации и др. с цв. ил.
Размери/Мащаб 21 см
380 ## - Жанр
Жанр Детска худож. лит.
490 1# - СЕРИИ (Колекции)
Име на серия Нови български народни приказки
№: серия 1
500 ## - Общи забележки
Забележка Състав. отбелязан в библиогр. каре ; 10 000 тир
700 1# - Други автори (авторска отговорност)
Лично име Тодоров, Делчо Танев
Автороска отговорност (Описва отношението между автора и произведението) състав.
9 (RLIN) 248322
700 1# - Други автори (авторска отговорност)
Лично име Василев, Светлин
Автороска отговорност (Описва отношението между автора и произведението) худож.
9 (RLIN) 248323
852 ## - Местоположение
Форматна сигнатура Цб 141527
856 4# - Електронен адрес и достъп
Електронен формат pdf - файл
Път до файла /url/
856 4# - Електронен адрес и достъп
Електронен формат pdf - файл
Път до файла /url/
942 ## - АРТИКУЛИ
Вид на библиотечния материал Книги
Скрит в OPAC Не
944 ## - СЪЗДАВАНЕ И РЕДАКЦИЯ на ЗАПИСА
Създаване/Редакция Създаване
Дата на регистрацията/редакция 15.01.2003
Служител, извършил регистрацията/редакцията Геновева_Генчева
944 ## - СЪЗДАВАНЕ И РЕДАКЦИЯ на ЗАПИСА
Създаване/Редакция Редакция
Дата на регистрацията/редакция 27.07.2004
Служител, извършил регистрацията/редакцията
999 ## - СИСТЕМНИ КОНТРОЛНИ НОМЕРА
Koha biblionumber 4159
Koha biblioitemnumber 4159
Наличности
Код за отписване Код за изгубен артикул Източник на класификационната схема Код за повреда Коз за рестрикции Код за отдаване Артикулен № Име на библиотеката - собственик Име на библиотеката, в която се намира в момента Статус (Текущо местоположение) Дата на вписване в системата Местоположение - отдел Цена в лева Инвентарен номер Систематично азбучна сигнатура Баркод Номер на екземпляра Цена в евро Служебна бележка Служебен тип на артикула
  Не е изгубен Universal Decimal Classification Не е повреден без рестрикции ползва се в читалня 7447 Регионална библиотека "Любен Каравелов" Русе Регионална библиотека "Любен Каравелов" Русе Хранилище 2001-01-01 Хранилище 0.00 608389 Цб 141527 900000014543 1 0.00 Дост: Dp Вид: Д N: 51 Дата: 01.01.1993 Книги
Vip Innovations Ltd, Rousse, Bulgaria 2025